Estudios dedicados al Prof. Dr. Luis Pericot / [J. Maluquer de Motes, editor]
ISBN:
84-600-5921-9
Descripción Física:
XXXVI, 441 p. : il., 1 f. pleg. ; 28 cm
Colección:
Publicaciones eventuales ; 23
MARC
| LEADER | 00000nam a2200000Ia 4500 | ||
|---|---|---|---|
| 001 | 8895 | ||
| 008 | 160829s1973 xx 000 0 cat d | ||
| 020 | |a 84-600-5921-9 | ||
| 080 | |a H-2-20 | ||
| 245 | |a Estudios dedicados al Prof. Dr. Luis Pericot / [J. Maluquer de Motes, editor] | ||
| 260 | |a Barcelona : |b Universidad de Barcelona. Instituto de Arqueología y Prehistoria, |c 1973 | ||
| 300 | |a XXXVI, 441 p. : |b il., 1 f. pleg. ; |c 28 cm | ||
| 490 | |a Publicaciones eventuales ; 23 | ||
| 590 | |a Bibliografia | ||
| 650 | |a Pericot i García, Lluís |x Homenatges |9 33274 | ||
| 650 | |a Arqueologia |x Reculls d'escrits |9 33275 | ||
| 650 | |a Prehistòria |x Reculls d'escrits |9 33276 | ||
| 700 | |a Pericot i García, Lluís |9 20529 | ||
| 700 | 1 | |a Maluquer de Motes, Joan, |d 1915-1988 |e editor literari |9 30020 | |
| 710 | 2 | |a Universitat de Barcelona. |b Institut d'Arqueologia i Prehistòria |9 52757 | |
| 901 | |a Arxiu | ||
| 942 | |n 1 |2 udc | ||
| 952 | |0 0 |1 0 |4 0 |6 H220 |7 1 |9 46254 |a Arxiu |b Arxiu |d 2016-12-01 |l 0 |o H-2-20 |p 8895 |r 2016-12-01 00:00:00 |w 2016-12-01 |y ARXIU | ||
| 999 | |c 49756 |d 49756 | ||